Strength of materials / (Record no. 653)

MARC details
000 -LEADER
fixed length control field 00578nam a2200217 4500
005 - DATE AND TIME OF LATEST TRANSACTION
control field 20141007090059.0
007 - PHYSICAL DESCRIPTION FIXED FIELD--GENERAL INFORMATION
fixed length control field 000
008 - FIXED-LENGTH DATA ELEMENTS--GENERAL INFORMATION
fixed length control field 000
020 ## - INTERNATIONAL STANDARD BOOK NUMBER
International Standard Book Number 0321045416
040 ## - CATALOGING SOURCE
Original cataloging agency UOEL
050 ## - LIBRARY OF CONGRESS CALL NUMBER
Classification number TA405
Item number .P97 1999
100 ## - MAIN ENTRY--PERSONAL NAME
Personal name Andrew, Patel
245 ## - TITLE STATEMENT
Title Strength of materials /
Statement of responsibility, etc Patel Andrew, Singer Ferdinand
250 ## - EDITION STATEMENT
Edition statement 4th ed.
260 ## - PUBLICATION, DISTRIBUTION, ETC. (IMPRINT)
Place of publication, distribution, etc Reading ;
Name of publisher, distributor, etc Addison - Wesley ,
Date of publication, distribution, etc c1999.
300 ## - PHYSICAL DESCRIPTION
Extent xiii, 594 p. :
Other physical details ill.
500 ## - GENERAL NOTE
General note Includes index
650 ## - SUBJECT ADDED ENTRY--TOPICAL TERM
Topical term or geographic name as entry element Materials
General subdivision Engineering (General). Civil engineering (General)
700 ## - ADDED ENTRY--PERSONAL NAME
Personal name Ferdinand, Singer
942 ## - ADDED ENTRY ELEMENTS (KOHA)
Source of classification or shelving scheme Library of Congress Classification
Item type Short Loan for 1 day
Holdings
Withdrawn status Lost status Source of classification or shelving scheme Damaged status Not for loan Home library Current library Shelving location Date acquired Total Checkouts Full call number Barcode Date last seen Date last borrowed Copy number Price effective from Koha item type
    Library of Congress Classification     UOE Main Library UOE Main Library Short Loan Area 07/10/2014 25 TA405 .P97 1999 20031500 27/04/2026 31/03/2019 20031500 07/10/2014 Short Loan for 1 day